Určenie rozdelenia celkových škôd s využitím metódy Monte Carlo a jeho porovnanie s numericky presným výpočtom v danom portfóliu poistných zmlúv

Salvato in:
Dettagli Bibliografici
Autore principale: Horáková, Galina
Altri autori: Mucha, Vladimír, 1976-
Natura: Capitolo di libro
Lingua:slovacco
Tags: Aggiungi Tag
Nessun Tag, puoi essere il primo ad aggiungerne!!

MARC

LEADER 00000naa$a2200000$$$4500
001 0198523
005 20240502083504.7
041 0 |a slo 
044 |a CZ 
245 1 0 |a Určenie rozdelenia celkových škôd s využitím metódy Monte Carlo a jeho porovnanie s numericky presným výpočtom v danom portfóliu poistných zmlúv  |c Galina Horáková, Vladimír Mucha 
100 1 |a Horáková, Galina 
700 1 |a Mucha, Vladimír, 1976-